| 000 | 00960nas a2200301 4500 | ||
|---|---|---|---|
| 001 | BR0502683 | ||
| 003 | BR-BrBNA | ||
| 005 | 20231205105357.0 | ||
| 007 | ta | ||
| 008 | 230509b bl.|||p| |||| 00| 00por d | ||
| 040 |
_aBR-BrBNA _bpor _cBiblioteca Nacional de Agricultura |
||
| 041 | _a(Pt) | ||
| 072 | _aF60 | ||
| 100 | 1 | _aMendes, A.D.R. | |
| 100 | 1 | _aMartins, E.R. | |
| 100 | 1 | _aFernandes, L.A. | |
| 100 | 1 | _aMarques, C.C.L. | |
| 245 | 1 | _aProdução de biomassa e de flavonóides totais por fava d'anta (Dimorphandra mollis Benth)sob diferentes níveis de fósforo em solução nutritiva | |
| 650 | _aFAVEIRA | ||
| 650 | _aPLANTA MEDICINAL | ||
| 650 | _aBIOMASSA | ||
| 650 | _aFLAVONÓIDE | ||
| 650 | _aSOLUÇÃO NUTRITIVA | ||
| 650 | _aFÓSFORO | ||
| 773 | 0 |
_tRevista Brasileira de Plantas Medicinais (Brazil) _xISSN 1516-0572 _g(Feb 2005), v. 7(2) p. 7-11 _wBR0502683 |
|
| 909 |
_a202311 _bLúcia _c55 _dLúcia Elande |
||
| 942 |
_2AGRIS _n0 _cANA |
||
| 999 |
_c182644 _d182644 |
||